000 01377cam a2200241 4500500
005 20260201144732.0
041 _afre
042 _adc
100 1 0 _aSaint-Martin, Céline
_eauthor
700 1 0 _aBaubil, Alexis
_eauthor
700 1 0 _aGazeau, Nicolas
_eauthor
245 0 0 _aLa savate : « À nos corps défendants »
260 _c2018.
500 _a87
520 _aPour pouvoir rencontrer les adolescents accueillis au sein d’un itep, un professeur de sport, un moniteur de boxe et une psychologue ont allié leurs compétences et créé un atelier à visée thérapeutique avec la boxe française pour médiation. Au vu des troubles que présentent ces adolescents, un cadre rigoureux a été pensé autour des espaces et de la temporalité notamment. Le sport et le corps sont envisagés comme support du soin psychique et de la pensée.Le bilan de cette expérience novatrice est globalement encourageant et laisse entrevoir que le langage du corps peut permettre la rencontre, mais aussi l’expression des émotions.
690 _aatelier à visée thérapeutique
690 _aboxe
690 _aexpression des émotions
690 _alangage du corps
690 _arencontre
786 0 _nEmpan | 111 | 3 | 2018-08-31 | p. 129-136 | 1152-3336
856 4 1 _uhttps://shs.cairn.info/revue-empan-2018-3-page-129?lang=fr&redirect-ssocas=7080
999 _c1642927
_d1642927